The Beatles - Ticket To Ride Lyrics - Statistics

General Stats
  • This quiz has been taken 324 times
  • The average score is 225 of 271
Answer Stats
Answer % Correct
ride
100%
ticket
100%
a
99%
to
99%
got
98%
she
98%
I
97%
do
96%
she's
95%
don't
94%
care
93%
be
89%
the
89%
me
88%
is
87%
think
87%
going
86%
gonna
86%
I'm
86%
it's
86%
girl
85%
sad
85%
that
85%
yeah
85%
today
84%
away
83%
mad
83%
driving
81%
that's
79%
but
78%
when
74%
her
72%
said
72%
with
71%
was
70%
around
68%
down
68%
free
68%
living
68%
know
67%
bringing
66%
never
66%
would
65%
my
64%
why
63%
baby
62%
so
62%
by
61%
right
57%
high
47%
riding
43%
twice
41%
ought
40%
goodbye
39%
saying
36%
before
35%
gets
34%
ah
27%
No matching quizzes found
Score Distribution
Percent of People with Each Score
Percentile by Number Answered
Your Score History
You have not taken this quiz